00465nam a22001577a 450000500170000000800410001702000180005802200160007604100130009208200130010510000410011824500570015926000340021630000310025065000260028120231205081615.0231205b |||||||| |||| 00| 0 eng d a9780409049831 a0409004480  aEnglish  a349 JOU  aJoubert, WA and Faris, JA lEnglish  aThe Law of South Africa / cWA Joubert and JA Faris  aDurban : bLexisNexis, c2011 bvii, 453 pages ; c26 cm.  aLegal practice bLaw